F1 Academy 2025 Mutiple Choice Teil 1 - Statistiken

Allgemein
  • Dieses Quiz wurde 8 mal gespielt
  • Das Durchschnittsergebnis liegt bei 6 aus 8
Antwortstatistiken
Frage Antwort % Korrekt
Chloe Chambers
88%
Nicole Havdra
75%
Emma Felbermayr
75%
Alba Larsen
75%
Rafaela Ferreira
75%
Nina Gademan
63%
Ella Lloyd
63%
Courtney Crone
50%
Keine übereinstimmenden Quizze gefunden
Verteilung der Resultate
Anzahl Personen mit jedem Resultat
Perzentil nach korrekt beantworteten Fragen
Ihre Resultats-Entwicklung
Sie haben dieses Quiz noch nicht gespielt